Central Library OPAC University of Rajshahi

Advanced control system technology / (Record no. 55987)

MARC details
000 -LEADER
fixed length control field 00825nam a2200277 a 4500
001 - CONTROL NUMBER
control field 55987
003 - CONTROL NUMBER IDENTIFIER
rucl marc code BD-RjUL
005 - DATE AND TIME OF LATEST TRANSACTION
control field 20211209080335.0
008 - FIXED-LENGTH DATA ELEMENTS--GENERAL INFORMATION
fixed length control field 161124s1998 ii p|||| |||| 001 0 eng d
020 ## - INTERNATIONAL STANDARD BOOK NUMBER
International Standard Book Number 8176490326
035 ## - SYSTEM CONTROL NUMBER
System control number (BD-RjUL)56111
040 ## - CATALOGING SOURCE
Original cataloging agency BD-RjUL
Language of cataloging eng
Modifying agency BD-RjUL
Transcribing agency BD-RjUL
041 ## - LANGUAGE CODE
Language code of text/sound track or separate title eng
082 ## - DEWEY DECIMAL CLASSIFICATION NUMBER
Edition number 23
Classification number 629.8
Author mark and year CHA 1998
100 ## - MAIN ENTRY--PERSONAL NAME
Personal name Chesmond, C. J.
9 (RLIN) 166657
245 ## - TITLE STATEMENT
Title Advanced control system technology /
Statement of responsibility, etc. C. J. Chesmond; P A Wilson; M. R. Le Pla.
250 ## - EDITION STATEMENT
Edition statement Student ed.
260 ## - PUBLICATION, DISTRIBUTION, ETC. (IMPRINT)
Place of publication, distribution, etc. New Delhi :
Name of publisher, distributor, etc. Viva Boooks Private Lts. ,
Date of publication, distribution, etc. c 1998
300 ## - PHYSICAL DESCRIPTION
Pagination 391 p. :
Illustrations ill. ;
Size 21 cm.
500 ## - GENERAL NOTE
General note Includes index
650 ## - SUBJECT ADDED ENTRY--TOPICAL TERM
Topical term or geographic name as entry element Automatic control.
9 (RLIN) 166658
Topical term or geographic name as entry element Control systems.
9 (RLIN) 158074
700 ## - ADDED ENTRY--PERSONAL NAME
Personal name Wilson, P. A.
Personal name Le Pla, M .R.
942 ## - ADDED ENTRY ELEMENTS (KOHA)
Source of classification or shelving scheme Dewey Decimal Classification
Koha item type Books
Holdings
Lost status Source of classification or shelving scheme Damaged status Not for loan Collection code Permanent Location Current Location Shelving location Date acquired Source of acquisition Cost, normal purchase price Total Checkouts Full call number Date last seen Copy number Koha item type
  Dewey Decimal Classification     Non-fiction Central Library, University of Rajshahi Central Library, University of Rajshahi   16/08/2007 Paragon Enterprises Ltd. 110.00   629.8 CHA 1998 24/11/2016 C-2 Books
  Dewey Decimal Classification   Not For Loan Non-fiction Central Library, University of Rajshahi Central Library, University of Rajshahi Reading Room 16/08/2007 Dhaka, Paragon Enterprises Ltd 110.00   629.8 CHA 1998 14/03/2017 C-1 Books